|
|
|
|
| LEADER |
01827nam a2200505 4500 |
| 001 |
ocn834595860 |
| 003 |
OCoLC |
| 005 |
20180501122008.0 |
| 006 |
m o d |
| 007 |
cr cn||||||||| |
| 008 |
130227s2013 caua ob 001 0 eng d |
| 040 |
|
|
|a E7B
|b eng
|e pn
|c E7B
|d OCLCQ
|d OCLCO
|d OPELS
|d YDXCP
|d N$T
|d OCLCF
|d CDX
|d OCLCQ
|d DEBBG
|d GrThAP
|
| 019 |
|
|
|a 854311494
|
| 020 |
|
|
|a 9780124077744
|q (electronic bk.)
|
| 020 |
|
|
|a 0124077749
|q (electronic bk.)
|
| 020 |
|
|
|a 9780124078529
|q (electronic bk.)
|
| 020 |
|
|
|a 0124078524
|q (electronic bk.)
|
| 020 |
|
|
|a 9781299160095
|
| 020 |
|
|
|a 1299160093
|
| 035 |
|
|
|a (OCoLC)834595860
|z (OCoLC)854311494
|
| 050 |
|
4 |
|a QD421
|b .A45 2013eb
|
| 060 |
|
4 |
|a W 1
|
| 072 |
|
7 |
|a SCI
|x 007000
|2 bisacsh
|
| 082 |
0 |
4 |
|a 572/.549
|2 23
|
| 049 |
|
|
|a TEFA
|
| 245 |
0 |
4 |
|a The alkaloids chemistry and biology /
|c edited by Hans-Joachim Knölker.
|
| 246 |
3 |
0 |
|a Chemistry and biology
|
| 250 |
|
|
|a 1st ed.
|
| 260 |
|
|
|a San Diego :
|b Academic Press,
|c 2013.
|
| 300 |
|
|
|a 1 online resource (ix, 300 pages) :
|b illustrations.
|
| 336 |
|
|
|a text
|b txt
|2 rdacontent
|
| 337 |
|
|
|a computer
|b c
|2 rdamedia
|
| 338 |
|
|
|a online resource
|b cr
|2 rdacarrier
|
| 490 |
1 |
|
|a The alkaloids,
|x 1099-4831 ;
|v v. 72
|
| 504 |
|
|
|a Includes bibliographical references and index.
|
| 650 |
|
0 |
|a Alkaloids.
|
| 650 |
|
0 |
|a Alkaloids
|x Physiological effect.
|
| 650 |
|
7 |
|a SCIENCE
|x Life Sciences
|x Biochemistry.
|2 bisacsh
|
| 650 |
|
7 |
|a Alkaloids.
|2 fast
|0 (OCoLC)fst00805398
|
| 650 |
|
7 |
|a Alkaloids
|x Physiological effect.
|2 fast
|0 (OCoLC)fst00805401
|
| 655 |
|
4 |
|a Electronic books.
|
| 700 |
1 |
|
|a Knölker, Hans-Joachim.
|
| 776 |
0 |
8 |
|i Print version:
|z 9781299160095
|
| 830 |
|
0 |
|a Alkaloids (San Diego, Calif.) ;
|v v. 72.
|
| 856 |
4 |
0 |
|u https://www.sciencedirect.com/science/bookseries/10994831/72
|z Full Text via HEAL-Link
|